Revival (Record no. 3390)

MARC details
000 -LEADER
fixed length control field 00362nam a22001457a 4500
008 - FIXED-LENGTH DATA ELEMENTS--GENERAL INFORMATION
fixed length control field 250512b |||||||| |||| 00| 0 eng d
020 ## - INTERNATIONAL STANDARD BOOK NUMBER
ISBN 9781444789218
100 ## - MAIN ENTRY--AUTHOR
Author King, Stephen
245 ## - TITLE STATEMENT
Title Revival
260 ## - PUBLICATION, DISTRIBUTION, ETC. (IMPRINT)
Place of publication London
Name of publisher Hodder and Stoughton Publication
Date of publication 2015
300 ## - COLLATION
Pagination 390P.
650 ## - TRACINGS
Main Subject Drug Addicts - Fiction
942 ## - ADDED ENTRY ELEMENTS (KOHA)
Item type Books
050 ## - LIBRARY OF CONGRESS CALL NUMBER
Classification number PS3561
Item number .K56
Holdings
Source of classification or shelving scheme Not for loan Permanent location Current location Date acquired Accession No. Full call number Barcode. Koha item type
Library of Congress Classification   Samuel Ogbemudia Main Library, University of Abuja Samuel Ogbemudia Main Library, University of Abuja 05/12/2025 2024/64266 PS3561.K56 2025-1860 Books